International confrenceon advancements in computing and communication technologies: (Record no. 193272)

MARC details
000 -LEADER
fixed length control field 00762nam a22002177a 4500
005 - DATE AND TIME OF LATEST TRANSACTION
control field 20221019114852.0
010 ## - LCCN (DPL NO)
LC control number ENG-135497
020 ## - INTERNATIONAL STANDARD BOOK NUMBER
International Standard Book Number 9789381899540
Terms of availability 650.00
035 ## - SYSTEM CONTROL NUMBER
System control number EN-119029
037 ## - SOURCE OF ACQUISITION
Source of stock number/acquisition DBAD/PUB
082 ## - DEWEY DECIMAL CLASSIFICATION NUMBER
Classification number 005.4
245 ## - TITLE STATEMENT
Title International confrenceon advancements in computing and communication technologies:
Remainder of title icacct'15/
Statement of responsibility, etc ed. by valarmathi, a
260 ## - PUBLICATION, DISTRIBUTION, ETC. (IMPRINT)
Place of publication, distribution, etc tamilnadu
Name of publisher, distributor, etc sakthi publishers
Date of publication, distribution, etc 2015
270 ## - ADDRESS
Address 12, anna street, chitlapakkam, channai
City tamilnadu
Postal code 600064
Telephone number 9444007503
Electronic mail address sakthiclassics@yahoo.in
300 ## - PHYSICAL DESCRIPTION
Extent 424p.
Dimensions 29cm(pbk)
Other physical details refrences
700 ## - ADDED ENTRY--PERSONAL NAME
Personal name A valarmathi
Relator term editor
700 ## - ADDED ENTRY--PERSONAL NAME
Personal name r kaviarasi
Relator term editor
700 ## - ADDED ENTRY--PERSONAL NAME
Personal name p vaisnavi
Relator term editor
700 ## - ADDED ENTRY--PERSONAL NAME
Personal name s nalini
Relator term editor
942 ## - ADDED ENTRY ELEMENTS (KOHA)
Source of classification or shelving scheme Dewey Decimal Classification
Item type English Books
Call number suffix INT
Classification part 005.4
Holdings
Withdrawn status Lost status Not for loan Collection code Home library Current library Date acquired Source of acquisition Cost, normal purchase price Full call number Barcode Copy number Cost, replacement price Koha item type
      Non-fiction Kadipur Kadipur 19/10/2022 DBAD/PUB 650.00 005.4 INT EN-119029 1 650.00 English Books

© Delhi Public Library
Hit Counter
free hit counter